LEADER 02616nam 2200709 450 001 9910157536903321 005 20181126134720.0 010 $a1-118-75063-2 010 $a1-118-75066-7 010 $a1-118-75061-6 035 $a(CKB)4330000000006977 035 $a(MiAaPQ)EBC4773839 035 $a(EXLCZ)994330000000006977 100 $a20170110h20172017 uy 0 101 0 $aeng 135 $aurcnu|||||||| 181 $2rdacontent 182 $2rdamedia 183 $2rdacarrier 200 10$aCities and social movements $eimmigrant rights activism in the US, France, and the Netherlands, 1970-2015 /$fWalter J. Nicholls and Justus Uitermark 210 1$aChichester, England :$cWiley Blackwell,$d2017. 210 4$dİ2017 215 $a1 online resource (283 pages) $cillustrations 225 1 $aStudies in Urban and Social Change 311 $a1-118-75064-0 311 $a1-118-75065-9 320 $aIncludes bibliographical references and index. 410 0$aStudies in urban and social change. 606 $aEmigration and immigration$xPolitical aspects 606 $aEmigration and immigration$xSocial aspects 606 $aImmigrants$xCivil rights 606 $aMunicipal government$xCitizen participation$vCross-cultural studies 606 $aSpatial behavior$vCross-cultural studies 606 $aSocial movements$vCross-cultural studies 606 $aSocial action$vCross-cultural studies 606 $aImmigrants$xGovernment policy$zUnited States 606 $aImmigrants$xGovernment policy$zFrance 606 $aImmigrants$xGovernment policy$zNetherlands 607 $aUnited States$xEmigration and immigration$xPolitical aspects 607 $aFrance$xEmigration and immigration$xPolitical aspects 607 $aNetherlands$xEmigration and immigration$xPolitical aspects 608 $aElectronic books. 615 0$aEmigration and immigration$xPolitical aspects. 615 0$aEmigration and immigration$xSocial aspects. 615 0$aImmigrants$xCivil rights. 615 0$aMunicipal government$xCitizen participation 615 0$aSpatial behavior 615 0$aSocial movements 615 0$aSocial action 615 0$aImmigrants$xGovernment policy 615 0$aImmigrants$xGovernment policy 615 0$aImmigrants$xGovernment policy 676 $a323.3/2912 700 $aNicholls$b Walter$0849730 702 $aUitermark$b Justus 801 0$bMiAaPQ 801 1$bMiAaPQ 801 2$bMiAaPQ 906 $aBOOK 912 $a9910157536903321 996 $aCities and social movements$91926019 997 $aUNINA